|
|
|
|
| LEADER |
00000nab a2200000 a 4500 |
| 001 |
vtls000013705 |
| 003 |
SK-MaSNL |
| 005 |
20260426074702.0 |
| 008 |
250422c1978 xo 0 slo |
| 015 |
|
|
|a SNBRB19rr/mm-uuuuu
|
| 035 |
|
|
|a CL0023799
|
| 035 |
|
|
|a urn:nbn:sk:snk-ab1ys6
|
| 035 |
|
|
|a (urnnbn)urn:nbn:sk:snk:ar-a0195v
|
| 035 |
|
|
|a (uuid)e7c43c86-9273-49ab-95ad-4be51661fe23
|
| 040 |
|
|
|a SNKBUCL
|b slo
|c SNKBUCL
|e AACR2
|
| 041 |
0 |
|
|a slo
|
| 044 |
|
|
|a xo
|c SK
|
| 080 |
|
|
|a 528
|2 1981
|
| 100 |
1 |
|
|a Žudel, Juraj,
|d 1929-2009
|4 aut
|
| 245 |
1 |
0 |
|a Zborník referátov a diskusných príspevkov z vedeckej konferencie o dejinách kartografie na Slovensku
|c Juraj Žudel
|
| 650 |
0 |
7 |
|a kartografia
|2 snkbucl
|9 820
|
| 650 |
0 |
7 |
|a dejiny
|2 snkbucl
|9 3825
|
| 651 |
|
7 |
|a Slovensko
|2 snkbucl
|9 14231
|
| 655 |
|
7 |
|a články z novín a časopisov
|2 snkbucl
|9 267496
|
| 773 |
0 |
|
|t Geografický časopis
|g Roč. 30, č. 3 (1978), s. 276-277
|
| 787 |
0 |
8 |
|i Rec.:
|t Zborník referátov a diskusných príspevkov z vedec. konferencie o dejinách kartografie na Slov
|d Trenčín, 1976
|
| 850 |
|
|
|a Slovenská národná knižnica
|
| 852 |
|
|
|a Slovenská národná knižnica
|
| 954 |
|
|
|a odborná, vedecká literatúra pôvodná (slovenská)
|2 lita
|
| 958 |
|
|
|a article27
|
| 958 |
|
|
|a RK
|
| 958 |
|
|
|a OND
|
| 958 |
|
|
|a EUIPO
|
| 992 |
|
|
|a RBX
|
| 999 |
|
|
|c 2746813
|d 2748743
|